I territori d'oltremare più grandi - Statistics

Statistiche generali
  • Questo quiz è stato fatto 38 volte
  • Il punteggio medio è 21 su 59
Statistiche sulle risposte
Hint Risposta % Corretto
Stati Uniti Porto Rico
89%
Danimarca Groenlandia
81%
Stati Uniti Isole Vergini americane
67%
Stati Uniti Guam
63%
Francia Guyana francese
63%
Olanda Aruba
59%
Francia Polinesia francese
59%
Olanda Curaçao
56%
Stati Uniti Hawaii
56%
Regno Unito Isole Falkland
56%
Regno Unito Isole vergini britanniche
56%
Francia Guadalupa
52%
Francia Martinica
52%
Stati Uniti Samoa americane
52%
Regno Unito Sant'Elena
52%
Regno Unito Anguilla
48%
Regno Unito Gibilterra
48%
Australia Isola di natale
48%
Italia Lampedusa
44%
Francia Nuova Caledonia
44%
Francia Saint Martin
44%
Spagna Canarie
41%
Ecuador Isola di pasqua
41%
Portogallo Azzorre
37%
Spagna Ceuta
37%
Stati Uniti Isole Marianne Settentrionali
37%
Francia Mayotte
37%
Spagna Melilla
37%
Olanda Sint Maarten
37%
Regno Unito Akrotiri
33%
Regno Unito Isole Cayman
33%
Regno Unito Isole Pitcairn
33%
Francia Riunione
33%
Regno Unito Turks e Caicos
33%
Regno Unito Bermuda
30%
Olanda Bonaire
30%
Danimarca Fær Øer
30%
Regno Unito Tristan da Cunha
30%
Regno Unito Ascensione
26%
Regno Unito Jersey
26%
Nuova Zelanda Tokelau
26%
Regno Unito Montserrat
22%
Francia Saint Pierre e Miquelon
22%
Regno Unito Dhekelia
19%
Portogallo Madera
19%
Olanda Saba
19%
Francia Wallis e Futuna
19%
Australia Isola Norfolk
15%
Australia Isole Cocos
15%
Italia Linosa
15%
Francia Saint Barthelèmy
11%
Norvegia Bouvet
7%
Francia Clipperton
7%
Olanda Sint Eustatius
7%
Regno Unito Territorio britannico dell'Oceano Indiano
7%
Regno Unito Georgia del sud e Sandwich Australi
4%
Stati Uniti Isole minori esterne
4%
Regno Unito Guernesey
0%
Francia Terre australi e antartiche francesi
0%
Nessun quiz corrispondente trovato
Distribuzione punteggi
Percentuale di utenti per punteggio
Percentile per numero di risposta
I tuoi punteggi nel tempo
Non hai fatto questo quiz